Peasant in the Role of a Producer and Energy Distributor
Využívanie obnoviteľných zdrojov ako zodpovedný prístup ku klimatickým zmenám. Bioenergia a životné prostredie. Riešenie regionálnych problémov východného Slovenska. Kritériá pre rozvojovú pomoc poľnohospodárstvu. Produkcia biomasy v regióne východného Slovenska.
Salvato in:
| Autore principale: | |
|---|---|
| Altri autori: | |
| Natura: | Capitolo di libro |
| Lingua: | inglese |
| Soggetti: | |
| Tags: |
Nessun Tag, puoi essere il primo ad aggiungerne!!
|
MARC
| LEADER | 00000naa$a2200000$$$4500 | ||
|---|---|---|---|
| 001 | 0085610 | ||
| 005 | 20240502083227.7 | ||
| 041 | 0 | |a eng | |
| 044 | |a PL | ||
| 245 | 1 | 0 | |a Peasant in the Role of a Producer and Energy Distributor |c Matej Polák, Dagmar Prividiová |
| 520 | |a Využívanie obnoviteľných zdrojov ako zodpovedný prístup ku klimatickým zmenám. Bioenergia a životné prostredie. Riešenie regionálnych problémov východného Slovenska. Kritériá pre rozvojovú pomoc poľnohospodárstvu. Produkcia biomasy v regióne východného Slovenska. | ||
| 610 | 2 | 0 | |a roľníci |
| 610 | 2 | 0 | |a poľnohospodárstvo |
| 610 | 2 | 0 | |a bioenergetika |
| 610 | 2 | 0 | |a bioprodukty |
| 610 | 2 | 0 | |a prostredie životné |
| 610 | 2 | 0 | |a zmeny klimatické |
| 610 | 2 | 0 | |a regióny |
| 610 | 2 | 0 | |a Slovensko |
| 100 | 1 | |a Polák, Matej | |
| 700 | 1 | |a Prividi, Dagmar | |